000 00721cam a2200241 a 4500
001 2822311
003 ARRUPE
005 20140219170159.0
008 830111s1983 cau b s001 0 eng
010 _a 83001087
020 _a0520049047
040 _aDLC
_cDLC
_dDLC
050 0 0 _aHV4708
_b.R43 1983
082 0 0 _a179/.3
_219
100 1 _aRegan, Tom.
_98798
245 1 4 _aThe case for animal rights /
_cTom Regan.
260 _aBerkeley :
_bUniversity of California Press,
_cc1983.
300 _axv, 425 p. ;
_c24 cm.
504 _aIncludes bibliographical references and index.
650 0 _aAnimal rights
_xPhilosophy.
_98799
906 _a7
_bcbc
_corignew
_d1
_eocip
_f19
_gy-gencatlg
942 _2lcc
_cMONOGRAPH
999 _c120111
_d120111